[Event "KNSB Competitie"]
[Site "?"]
[Date "2015.11.07"]
[Round "3"]
[White "Sprenger, Jan"]
[Black "van Wely, Loek"]
[Result "1-0"]
[Annotator "Sprenger,Jan"]
[BlackElo "2630"]
[EventDate "2015.??.??"]
[PlyCount "123"]
[SourceDate "2015.11.07"]
[WhiteElo "2509"]

1. e4 c5 2. Nf3 e6 3. d4 cxd4 4. Nxd4 Nc6 5. Nc3 d6 { Ik was niet voorbereid om
tegen Loek van Wely te spelen en moest hier even nadenken. Zou ik met g2-g4
ruimte pakken? Maar deze stellingstype had ik 2013 tegen Sinisa Drasic niet
goed behandeld en het was aanneemlijk dat Loek dat potje wel had gezien. Ik was
op bord 4 toch een behoorlijk waarschijnlijke tegenstander! Vandaar besloot ik
om "gewoon" een Engelse aanval te spelen; daar kun je met wit niet zo snel
slecht staan als zwart al Pc6 heeft gespeeld.}  6. Be3 Nf6 7. f3 Be7 8. Qd2 O-O
9. O-O-O a6 10. g4 Nd7 11. h4 Nde5 12. Qg2 { Hierover dacht ik lang na, want ik
vroeg me af of meteen Pc6: misschien nauwkeuriger was. Achteraf blijkt dat dit
de meestgespeelde zet is  (  bijna 100 keer  )  .}  ( 12. Nxc6 bxc6 13. Be2 Rb8
{ was Pruijssers-van Wely, ch-NED 2015, en zou tot helemaal andere
stellingstypes geleid hebben.}  14. f4 Nd7 15. g5 d5 $13 )12... b5 ( 12... Nxd4
13. Bxd4 Nc6 14. Be3 b5 15. g5 { is zetverwisseling.}  )13. Nxc6 Nxc6 14. g5
Qa5 { Over deze zet en het daarmee ingeleide plan dacht Loek ca. 40 minuten na.
Ik vermoed dat de reden niet zo zeer een concrete variant was, maar dat hij met
de na 16. ...d5 ontstaande stelling niet helemaal gelukkig was.}  ( 14... b4
15. Na4 Rb8 16. f4 Bd7 17. b3 { was een aardig alternatief, maar ook hier geef
ik de voorkeur aan wit, die iets sneller zal zijn.}  )15. Kb1 b4 16. Ne2 d5 17.
exd5 { Anders ontwikkelt zwart zijn stukken en staat helemaal prima.}  17...
Rd8 $1 $146 { Pas dit is een nieuwtje.}  ( 17... b3 { gebeurde in de overige 10
partijen, maar na}  18. axb3 Nb4 19. Nc1 exd5 20. Bd3 { kan ik me niet
voorstellen dat zwart voldoende compensatie heeft.}  )18. Nc1 ( 18. Nf4 $2 e5
19. Nh5 $2 { is in principe wenselijk, maar zwart wint met}  19... b3 $1 20.
cxb3 Bf5+ 21. Bd3 Bxd3+ 22. Rxd3 Nb4 $19 )18... Rxd5 19. Bd3 Bb7 20. Be4 Rxd1
21. Rxd1 Rd8 22. Rg1 $14 { Zwart heeft zijn problemen niet helemaal opgelost.
Wit heeft de betere ontwikkeling en wat spel op de koningsvleugel.}  22... Bf8
$6 { Deze zet is ietswat passief en geeft wit vrij makkelijk spel. Ik neem aan
dat Loek Dc7 te eng vond, wat ik erg goed kan begrijpen. De tactische
varianten, die dan ontstaan, zijn niet te overzien.}  ( { Na het betere } 22...
Qc7 23. Bxh7+ $5 { erg kansrijk. Wat ik echter niet gezien had is dat zwart na}
 ( 23. Nd3 $1 Nd4 24. h5 Bxe4 25. fxe4 $14 )23... Kxh7 24. g6+ Kh8 25. gxf7 Bf6
( 25... Qe5 26. Qg6 { (  dreigt Pd3  )}  26... Bf6 { draait slechts de zetten
om.}  )26. Qg6 Qe5 { op b2 mat dreigt. Gelukkig beschikt wit over het
fantastische}  27. Bd4 $3 Qf5 $8 ( 27... Nxd4 { Nu dreigt geen mat op b2 en wit
wint met}  28. Rg5 $1 Bxg5 29. Qh5+ ( 29. hxg5 $4 Bxf3 $19 ) 29... Bh6 30. Qxe5
$18 { en de dubbele dreiging Dd4: en Dc7 beslist de partij}  )28. Qxf5 exf5 29.
Bc5 Ne7 ( 29... Be7 30. Bxe7 Nxe7 31. Re1 Bxf3 32. Rxe7 Bh5 33. Nd3 $16 )30.
Rd1 Rf8 31. Bxe7 ( 31. Rd7 Bxf3 )31... Rxf7 ( 31... Bxe7 32. Rd7 Bxf3 33. Rxe7
Bh5 34. Nd3 )32. Bxf6 Rxf6 $13 { Wit heeft het stuk teruggewonnen, maar hij kan
nauwelijks beter staan omdat f3 en h4 zwak zijn.}  )23. h5 Qc7 { Nu staat zwart
klaar voor Pd4 en het ruilen van de dominante Le4.}  24. g6 fxg6 25. hxg6 h6
26. Nd3 { Mijn computer vindt deze stelling bijna gewonnen voor wit, maar dat
vind ik overdreven. Loek reageert goed en geeft een pion. Zeker met weinig tijd
op de klok een prima beslissing, want de stelling daarna speelt voor zwart vrij
makkelijk.}  26... Nd4 ( 26... a5 27. Qf2 Qd7 28. Bb6 Rc8 29. f4 $16 { De
zwarte stelling blijft moeiljik te spelen.}  )27. Qf2 e5 28. Bxb7 ( 28. Bxd4
exd4 29. Bxb7 Qxb7 30. f4 { stelde Loek na de partij voor. Niet verkeerd, want
wit houdt nu controle en de zwarte koning blijft kwetsbaar. Maar aan de andere
kant wilde ik mijn voordeel hard maken.}  )( 28. Re1 { (  om e5 met een extra
tempo te slaan danwel Le4: af te dwingen  )}  28... Bxe4 29. fxe4 Rd6 30. Bxd4
Rxd4 31. Nxe5 { was ook kansrijk.}  )28... Qxb7 29. Nxe5 Nf5 30. f4 $6 ( 30.
Bc1 Qd5 31. Re1 $16 { was waarschijnlijk de aangewezen zet. Wit houdt de boel
bij elkaar en op lang termijn kan hij met b3 en Lb2 de stukken weer
ontwikkelen.}  )30... Qd5 $1 { Nu moet het paard terug naar d3. Maar dan had de
witte pion beter op f3 kunnen blijven staan  (  Xe4  )  .}  31. Nd3 ( 31. Re1 {
was het idee achter 30. f4, maar zwart heeft het fantatische}  31... Bc5 $3 $19
{ Gelukkig zag ik dat nog op tijd.}  )31... a5 { Nu kwam ik ook langzaam in
tijdnood en voelde ik een lichtelijke paniek aankomen. De witte stukken staan
even onhandig en a5-a4 gevolgd door b4-b3 is een serieuze dreiging.}  32. Bb6
Re8 ( 32... Rc8 $5 33. Re1 a4 34. b3 a3 $14 )33. b3 Re6 34. Bc5 $6 { Geeft het
grootste deel van het voordeel weg, maar ik had weinig tijd op de klok was blij
om dames te kunnen ruilen. Verder was ik onzeker hoet het werkelijk staat:
opeens valt g6 een keer en staat zwart beter. ..}  ( 34. Bc7 $1 Ne7 ( 34... Nd4
35. Be5 )35. Qa7 $1 Rxg6 36. Rxg6 Nxg6 37. Bxa5 $14 { is blijkbaar de beste
keuze.}  )34... Bxc5 35. Qxc5 Qxc5 36. Nxc5 Re2 $2 { Deze schijnactiviteit
geeft wit opeens de kans om zelf de toren te activeren.}  ( 36... Rd6 37. Nd3
Ne7 38. Ne5 Nd5 $132 { komt vrij dicht bij gelijk spel.}  )37. Rd1 $1 Kf8 38.
Rd7 Re7 39. Rd8+ ( { Weerstaat de verleiding } 39. Ne6+ $2 Rxe6 40. Rf7+ Kg8
41. Rxf5 Rxg6 42. Rxa5 Rf6 43. f5 h5 $1 $17 { en ondanks de meerpion is wit in
de problemen.}  )39... Re8 40. Rd7 Re7 41. Rd1 $5 { Gedeeltelijk psychologische
oorlogsvoering, gedeeltelijk uitstel van een moeilijke keuze  (  hoe gaat wit
op winst spelen?  )  . Zwart heeft geen goede wachtzet en kan het best
teruggaan naar de stelling na zet 37, wat hij ook deed.}  41... Re2 ( 41... h5
$2 42. Rd5 $1 )( 41... Ke8 $6 42. Rd5 $1 Re1+ 43. Kb2 Ne3 44. Re5+ { Schaak!} 
44... Kd8 45. c4 { Wit heeft een duidelijk betere versie van de partij.}  )42.
Rd5 $1 { De enige zinvolle winstpoging. De volgende zetten zijn vrij
geforceerd.}  42... Ne3 43. Re5 Re1+ 44. Kb2 Nd1+ 45. Kc1 Rxe5 46. fxe5 Nf2 $1
( 46... Nc3 47. Ne6+ Kg8 48. Nf4 Nxa2+ 49. Kd2 Nc3 50. Kd3 { Deze stelling
ontstaat vrijwel geforceerd na 46. ...Pc3 en hier had ik bij 42. Td5 lang over
nagedacht. Het leek me kansrijk, maar ik kwam er niet helemaal uit. Pas na de
partij werd me duidelijk dat wit vrij gemakkelijk wint:}  50... Kf8 51. Kc4 Ke7
52. Kc5 Nb1 53. Nh5 Ke6 54. Nxg7+ Kxe5 55. Nf5 Kf6 56. g7 Kf7 57. Kb6 Na3 58.
Nxh6+ Kxg7 59. Nf5+ Kf6 60. Ne3 $18 )47. Ne6+ Kg8 48. Nf4 Ng4 49. e6 Kf8 50. c4
$1 { Zonder de c-pion vlot te maken gaat wit nooit winnen.}  50... Ke7 ( 50...
bxc3 51. Kc2 Ke7 52. Kxc3 Ne5 53. b4 axb4+ 54. Kxb4 { zal voor wit moeten
winnen.}  )51. c5 $2 { Ik dacht dat ik Kf6 of Kd6 moest voorkomen, maar zoals
vaak was het gewoon goed om de koning te activeren.}  ( 51. Kd2 $1 Kf6 ( 51...
Kd6 52. Kd3 Ke5 53. Nh5 Kxe6 54. Kd4 Kf5 55. c5 Nf6 56. c6 Ng8 57. Nxg7+ Kxg6
58. c7 Ne7 59. Ne8 $18 )52. Kd3 Kf5 53. e7 Nf6 54. Nd5 Ne8 { Deze stelling was
me niet duidelijk omdat g6 valt. Voor de computer is het echter een eitje:} 
55. c5 Kxg6 56. c6 Kf7 57. Kd4 h5 58. c7 Nxc7 59. Nxc7 Kxe7 60. Nd5+ Kd6 61.
Nf4 h4 62. Nh3 Kc7 63. Kd5 Kb6 64. Ng5 g6 65. Nf3 h3 66. Ke5 Kc5 67. Kf4 Kd5
68. Kg3 Ke4 69. Ng5+ Kd4 70. Nf7 Kc3 71. Nd8 Kb2 72. Nb7 Kxa2 73. Nxa5 $18
)51... Nf6 $2 { Beide spelers missen een goede verdediging voor zwart.}  (
51... Ne5 $1 52. Kd2 Kf6 53. Ke3 Nc6 54. Ke4 Ne7 { Deze stelling is reciproke
zugzwang: zwart aan zet moet Kd5/e5 toelaten, wit aan zet kan de centrale
controle niet handhaven.}  55. c6 $5 ( 55. Nh5+ Kxe6 56. Nxg7+ Kd7 57. Nf5 Nxg6
58. Nxh6 Kc6 59. Kd4 Nf8 $11 )55... Nxc6 56. Kd5 Ne7+ 57. Kd6 Nf5+ 58. Kd7 Kg5
59. Ne2 Ne3 $1 $14 { Deze stellingen leiden vaak tot remiseachtige
dameeindspelen, Ik bespaar de lezer de erg ingewikkelde concrete varianten.}  (
59... Kxg6 60. Nd4 $18 ))52. Kc2 Ne8 $6 { Opnieuw niet de beste zet, maar Loek
had hier weinig tijd over.}  ( 52... Ne4 { redt de partij ook niet, maar wit
moet het nu erg goed doen.}  53. c6 Kd6 54. Nh5 $1 ( 54. e7 $5 Kxe7 55. Nh5 Nd6
56. Kd3 Nf5 57. Kc4 Kd6 58. Kb5 Nd4+ 59. Kxa5 Nxc6+ 60. Kb5 Ne7 61. Nxg7 Kd7
62. Kxb4 Nxg6 63. Nh5 Kc6 $16 { biedt reddingskansen omdat het witte paard aan
de h-pion gebonden is.}  )54... Kxc6 55. Nxg7 Kd6 56. Kd3 $1 ( 56. Nf5+ Kxe6
57. Nxh6 Kf6 58. Kd3 Nc3 $14 )56... Nc5+ 57. Kc4 Ne4 58. Kd4 Ng5 59. Nf5+ Kxe6
60. Nxh6 Kf6 61. Ng4+ Kxg6 62. Ne5+ Kf6 63. Nc6 a4 64. bxa4 Ke6 65. Kc5 Kd7 66.
Kb6 $18 )53. Kd3 Nc7 54. Kc4 Nxe6 55. Nh5 $18 { Zwart heeft de pion
teruggewonnen, maar wit domineert het bord. Bovendien zijn de zwarte pionnen
erg kwetsbaar.}  ( 55. Nxe6 $4 Kxe6 56. Kb5 Kd7 57. Kb6 Kc8 58. Kc6 h5 59. Kd5
Kd7 $19 )55... Nc7 ( 55... Nf8 56. Nxg7 Nxg6 57. Nf5+ Kd7 58. Nxh6 Kc6 59. Ng4
{ en zwart is in zugzwang en moet Pe5+ toelaten. De witte koning komt
vervolgens naar b5 en de zwarte pionnen vallen.}  )56. c6 Ne6 ( 56... Kd6 57.
Nxg7 Kxc6 58. Nf5 Ne8 59. g7 { en wit wint een stuk.}  )57. Kd5 $1 { Thematisch
gespeeld. De controle in het centrum is belangrijker dan het veroveren van de
a5-pion.}  57... Nf8 58. Kc5 $6 { Een kleine onnauwkeurigheid die door het te
lange nadenken over Pf6 verschuldigd is.}  ( 58. Nf4 $1 h5 59. Ke5 h4 60. Nd5+
Kd8 61. Kd6 { had meteen tot de zwarte opgave geleid. Als ik Pf4 op het scherm
had gehad  (  in plaats van me op Pf6 te focussen  )  had ik dit ongetwijfeld
gespeeld.}  )( { Ik moest de helft van mijn verblijvende vijf minutes eraan
besteden om de sirenengezang } 58. Nf6 $4 { te weerstaan. Natuurlijk is het
bijzonder zinloos om zoeits te overwegen als je op vrijwel elke manier kunt
winnen, maar de esthetische aantrekkingskracht van deze zet was bijna te sterk
voor me. Om eerlijk te zijn had ik al half besloten om Pf6 te spelen, maar
gelukkig zag ik het probleem op het laatste moment.}  58... Kxf6 $1 ( 58...
gxf6 59. g7 Kf7 60. gxf8=Q+ Kxf8 61. c7 $18 )( 58... Kd8 59. Kd6 )( 58... Ne6
59. Ng8+ )59. c7 Nxg6 $19 60. c8=Q Ne7+ $19 )58... Kd8 $6 ( 58... Nxg6 { had
wit nog gedwongen om}  59. Kb6 $2 { te weerstaan.}  ( 59. Nxg7 $1 $18 { is een
vrijwel makkelijke technische winst.} )59... Kf7 $1 60. Kxa5 Ne7 $13 )59. Nf4
$1 { Dat wint op zijn minst een stuk.}  59... h5 60. Kd6 Kc8 61. Nd5 Nxg6 62.
Nb6+  1-0

[Event "Schachfestival Basel"]
[Site "?"]
[Date "2016.01.04"]
[Round "5"]
[White "Riff, Jean-Noël"]
[Black "Sprenger, Jan"]
[Result "0-1"]
[Annotator "Sprenger,Jan"]
[BlackElo "2496"]
[EventDate "2016.??.??"]
[PlyCount "52"]
[SourceDate "2016.01.04"]
[WhiteElo "2512"]

1. e4 c5 2. Nf3 e6 3. d4 cxd4 4. Nxd4 a6 5. Be2 Nf6 6. Nc3 Qc7 7. O-O Bb4 8. Qd3
Nc6 9. Bg5 $5 { Opnieuw was ik eerder dan mijn tegenstander uit het boek.}  (
9. Nxc6 bxc6 10. f4 d5 11. e5 Nd7 { wordt vaker gespeeld.}  )9... O-O $6 {
Objectief in orde, maar geen handige beslissing, want het witte initiatief
wordt extreem gevaarlijk en vraagt zwart om steeds enige zetten te doen.}  (
9... h6 $5 10. Bxf6 gxf6 11. Rad1 h5 12. Kh1 Bc5 { is een oude partij
Shirov-Ivanchuk uit het jaar 1996.}  )( 9... Be7 10. Nxc6 bxc6 11. f4 d6 12.
Qg3 { is het meest populair, maar dat vond ik te passief.}  )( 9... Nxd4 10.
Qxd4 Bc5 { is eveneens in de praktijk te vinden.}  )10. Nxc6 dxc6 ( 10... bxc6
11. Qe3 $36 ( 11. a3 Be7 12. f4 d5 ))11. f4 e5 $8 { Risicovol, maar anders
staat wit gewoon beter.}  12. Qg3 $5 ( 12. Bxf6 gxf6 { is verleidelijk, maar
het is niet duidelijk of wit hier echt iets heeft.}  )12... exf4 $8 13. Bxf4
Qb6+ $8 14. Kh1 Bxc3 $8 { Vorwärts immer, rückwärts nimmer... Dit is zo link
als het uitziet, maar er zijn geen aantrekkelijke alternatieven.}  15. Qxc3 (
15. bxc3 Nxe4 { maakt nauwelijks verschil.}  )15... Nxe4 $8 16. Qe5 $6 { Dit is
te optimistisch. Ik was meer bang voor het rustige 16. Df3.}  ( 16. Qf3 f5 17.
Bc4+ Kh8 18. b3 $44 ( 18. Rad1 $2 Qxb2 $17 )( { Het is cruciaal dat zwart na }
18. Qxe4 $2 fxe4 19. Bc7 Rxf1+ 20. Rxf1 { met}  20... Qc5 $1 $19 { (  of Db4  )
 het veld f8 kan dekken.}  )( 18. Be3 Qxb2 $5 19. Qxe4 $2 $140 Qxa1 ))16...
Nf2+ $8 17. Rxf2 Qxf2 $8 18. Rf1 Qb6 $6 { De eerste keer dat zwart een echte
keuze heeft, en meteen gaat het mis... Gelukkig is ook 18. ... Db6 geen
onaardige zet.}  ( 18... Qh4 $2 19. Bg5 Qb4 20. a3 Qb6 { Met de loper of g5 kan
wit nu op een andere manier aanvallen:}  21. Be7 Bd7 $8 ( 21... Be6 22. Qxe6 $1
)22. Bc4 Rae8 23. Qd6 $36 )( 18... Qa7 $3 $17 { was een erg subtiele
verdediging met de pointe}  19. Be3 { (  dit is na 18. ...Db6 de beste zet  )} 
( 19. Bh6 $5 gxh6 20. Qg3+ Bg4 ( 20... Kh8 21. Qe5+ Kg8 $11 ) 21. Qxg4+ Kh8 22.
Qf4 f6 $17 )19... Qb8 $1 )19. Bh6 $2 ( 19. Be3 $1 { hield het evenwicht.} 
19... c5 $1 ( 19... Qd8 $2 20. Bc4 Kh8 21. Bxf7 $40 )20. Bxc5 Qe6 21. Qxe6 Bxe6
22. Bxf8 Kxf8 $11 )( 19. Bc4 $6 Be6 20. Be3 Bxc4 $1 21. Bxb6 Bxf1 )( 19. Rf3 $2
f6 20. Bc4+ Kh8 21. Bh6 Qd8 $19 )19... gxh6 $8 ( 19... f6 20. Bc4+ Kh8 21. Rxf6
$1 { (  ook De7 wint  )}  21... gxf6 22. Qe7 $18 )20. Rf3 ( 20. Qg3+ Bg4 $1 (
20... Kh8 21. Qe5+ Kg8 $11 ( 21... f6 $4 22. Rxf6 Rxf6 23. Qxf6+ Kg8 24. Bc4+
Be6 25. Bxe6# ) )21. Qxg4+ Kh8 22. Bd3 Qxb2 $19 )20... Rd8 $1 { Jean-Noël Riff,
die nog meer dan genoeg tijd over had, keek hier verbaasd en speelde zijn
volgende zet erg snel. Waarschijnlijk had hij het idee Lf5/Dd4 gemist.}  (
20... Bf5 21. Qxf5 Qxb2 22. h3 { en Ld3 wordt een vervelende dreiging. Wit doet
weer mee.}  )21. Qe7 Bf5 $8 22. Rxf5 Qd4 $8 23. Qxf7+ $6 ( 23. Rxf7 Re8 24.
Qxb7 Rxe2 $19 )( 23. Qxb7 Qd7 24. Qxd7 Rxd7 $17 { was objectief gezien de beste
kans. Maar wie speelt dat vrijwillig?}  )23... Kh8 $8 24. Qxb7 ( 24. Bd3 Qxb2
25. g3 Qg7 $19 )24... Qe4 $2 { Dit leek me sterk, maar het is slechts de één na
beste zet.}  ( { Als ik iets langer had nagedacht, had ik misschien ook } 24...
Qd1+ 25. Bf1 Rf8 $1 { overwogen. Het is makkelijk om te zien dat wit verloren
is:}  26. Kg1 Rxf5 27. Qxa8+ Kg7 28. Qa7+ Rf7 29. Qxa6 Qd4+ $1 30. Kh1 Qf2 $19
)25. Rf7 $2 ( 25. Qf7 $1 Rf8 26. Qxf8+ Rxf8 27. Rxf8+ Kg7 { leek me gewonnen:
op Tf2 wint Dc2: erg makkelijk omdat de loper gepend is. Maar ik miste}  28.
Bd3 $1 Qe5 29. Rf1 Qxb2 $17 { en wit heeft nog kansen.}  )25... Rd1+ 26. Bf1 (
26. Rf1 Rxf1+ 27. Bxf1 Rf8 28. Qxa6 Qe1 29. Kg1 Qf2+ $19 )26... Rg8 $1 { De
Ta8, lange tijd het probleemstuk van zwart, doet zijn eerste zet in de partij
en deze is meteen belissend. Er is geen verdediging tegen de dreiging Dg2:+.}  
0-1

[Event "KNSB Beker"]
[Site "?"]
[Date "2016.03.14"]
[Round "?"]
[White "Sprenger, Jan"]
[Black "van Wely, Loek"]
[Result "1-0"]
[Annotator "Sprenger,Jan"]
[BlackElo "2650"]
[EventDate "2016.??.??"]
[PlyCount "79"]
[SourceDate "2016.03.16"]
[WhiteElo "2495"]

1. e4 c5 2. Nf3 d6 3. d4 cxd4 4. Nxd4 Nf6 5. Nc3 a6 6. Be3 e5 7. Nb3 Be7 8. h3
Be6 9. Qf3 O-O 10. O-O-O b5 11. g4 b4 12. Nd5 Nxd5 13. exd5 Bd7 14. Bd3 Bb5 15.
Kb1 Nd7 16. h4 Qb8 $2 { Het kan niet goed zijn om het paard naar c6 te laten.} 
( 16... Bxd3 17. Rxd3 a5 18. Nd2 $14 { is steeds nog iets beter voor wit, maar
zwart staat ook stevig.}  18... Qc7 19. Ne4 Rfc8 ( 19... a4 20. h5 Qc4 ( 20...
Qc4 21. Nd2 ( 21. Nd2 Qb5 22. Ne4 Rfc8 23. Rc1 b3 ) ) )20. Rc1 a4 ( 20... Nf6
21. Nxf6+ Bxf6 22. g5 Be7 23. h5 )21. g5 )17. Na5 $1 Bxd3 18. Rxd3 Qb5 19. Nc6
Bd8 20. Qf5 $6 ( 20. g5 $6 f5 21. gxf6 Nxf6 22. Rg1 Rf7 { en zwart doet weer
mee.}  )( 20. h5 $16 { is misschien het beste: wit doet een nuttige zet en
voorkomt bevrijdinsacties die na 20. g5 of 20. Df5 mogelijk zijn.} )20... Nf6
21. Nxd8 Rfxd8 22. Bg5 { Het idee achter 20. Df5.}  22... Nxd5 $2 { Dit is veel
te optimistisch. Loek schatte de positie aan bord 2 als ongunstig voor zijn
teamgenoot in  (  uiteindelijk won deze wel  )  en dacht dat hij "iets moest
doen".}  ( 22... Qd7 23. Rf3 Rac8 ( 23... Nxg4 $5 24. Bxd8 Qxf5 25. Rxf5 Rxd8
26. Rg1 h5 $1 ( 26... Nh6 27. Rf3 $16 ) 27. Rxh5 Nxf2 28. Rhg5 ( 28. Rf5 Nh3 )
28... g6 { en vanwege de dreiging Ph3 heeft wit geen tijd voor h4-h5.}  29.
R5g3 $14 )24. Qxd7 Rxd7 25. Bxf6 gxf6 26. Rxf6 Rc5 $14 { Wit zal nu of later
een pion moeten teruggeven. Hij staat daarna echter steeds nog beter omdat zijn
koning makkelijker te activeren is.}  ( 26... Rc4 27. f3 Rd4 28. Kc1 Rxd5 (
28... Kg7 29. g5 a5 30. f4 ( 30. h5) 30... exf4 31. Rd1 Re4 32. Rf1 ) 29. Rd1
Rxd1+ 30. Kxd1 ))23. Bxd8 Rxd8 24. h5 $1 { Een krachtige zet: wit dreigt vaak
h5-h6 en houdt f7-f5-ideeën vooralsnog tegen.}  ( 24. g5 $2 g6 25. Qf3 Nf4 $132
{ laat zien hoezo 24. h5 zo veel beter dan de alternatieven is.}  )( 24. Rhd1
$2 Nc3+ $1 )24... Ne7 { Ideeën met Pc3+ leveren vanwege het simpele antwoord
Ka1  (  met de dreiging bc3:  )  niets op. Vandaar besluit zwart om in het
centrum te spelen.}  ( 24... Nf4 $2 25. Rxd6 )25. Qe4 f6 26. g5 f5 $8 ( 26...
fxg5 27. Qg4 { en de witte aanval speelt vanzelf.}  )27. Qh4 e4 28. Rd2 Qe5 {
Zwart probeert door centralisatie de witte aanval tegen te houden, maar...} 
29. g6 $5 { Niet de keuze van de computer, maar praktisch gewoon goed.}  29...
Rd7 ( 29... h6 30. Qh3 { leidt tot problemen op de achterste rij die op lang
termijn fataal zullen zijn.}  )30. f4 $1 { Ook het subtiele f2-f3 was erg
sterk. Belangrijk is in ieder geval dat wit ervoor zorgt dat zijn stukken
samenwerken. De gedekte vrijpion op e4 is veel minder belangrijk.}  ( 30. f3 $1
{ met de pointe}  30... e3 31. Qxb4 $1 exd2 32. Qb8+ { en mat.}  )30... Qe6 31.
gxh7+ Kxh7 32. Rg2 Rc7 33. Rhg1 Ng8 34. Qg5 $18 { Dreigt Dg6+, waarna de pion
op d6 zal vallen.}  34... Nh6 { Laat een winnend offer toe, maar er was al geen
verdediging meer.}  ( 34... Rd7 35. h6 $1 { en wit wint analoog met de partij:}
 ( 35. Qg6+ $6 Qxg6 36. hxg6+ Kh8 37. Rh2+ Nh6 38. Rd2 d5 39. Rgd1 Rd6 40. Rxd5
Rxg6 { is veel minder overtuigend.}  )35... Nxh6 36. Qxg7+ Rxg7 37. Rxg7+ Kh8
38. R7g6 $18 )35. Qxg7+ $1 Rxg7 36. Rxg7+ Kh8 37. R7g6 Qxg6 38. Rxg6 Ng4 39.
Rxd6 e3 40. Kc1  1-0